| 000 | 00803cam a2200277 4500 | ||
|---|---|---|---|
| 008 | 000000n2001 000 0 eng u | ||
| 020 | _a9287142947 | ||
| 035 | _a(Sirsi) u111091 | ||
| 050 | _a690.241 | ||
| 110 |
_aCouncil of Europe _92800 |
||
| 245 | _aGuidelines for the protection of the architectural heritage. | ||
| 260 |
_aBelgium _bCouncil of Europe _c2001 |
||
| 300 | _a86p. ; 18cm. | ||
| 350 | _a7.75 | ||
| 520 | _aText in English and French. | ||
| 650 | _aARCHITECTURE | ||
| 650 |
_aEnvironment _96238 |
||
| 650 | _aCONSERVATION | ||
| 650 | _aHISTORIC BUILDINGS | ||
| 650 | _aLISTED BUILDINGS | ||
| 650 | _aNATIONAL HERITAGE | ||
| 650 | _aLAW | ||
| 650 | _aEUROPE | ||
| 690 | _aBUILT ENVIRONMENT-BUILDING MAINTENANCE AND REFURBISHMENT-BUILDING CONSERVATION | ||
| 942 | _n0 | ||
| 999 |
_c101199 _d101199 |
||